Psychologie
| Authors: | ; |
|---|---|
| Contributors: | |
| Format: | Print Book |
| Language: | German |
| Published: |
Berlin [u.a.]
Springer
1992
|
| In: | Year: 1992 |
| Edition: | 5., neu übers. und bearb. Aufl. |
| Online Access: |
Table of Contents Table of Contents |
| Availability in Tübingen: | Present in Tübingen. IFK: N I 102 |
| Check availability: | HBZ Gateway |
| Subito Delivery Service: | Order now. |
| Keywords: |
MARC
| LEADER | 00000cam a2200000 c 4500 | ||
|---|---|---|---|
| 001 | 026149796 | ||
| 003 | DE-627 | ||
| 005 | 20260206194033.0 | ||
| 007 | tu | ||
| 008 | 920326s1992 gw ||||| 00| ||ger c | ||
| 015 | |a 92,N04,0065 |2 dnb | ||
| 015 | |a 92,N04,0065 |2 dnb | ||
| 016 | 7 | |a 920029981 |2 DE-101 | |
| 020 | |a 3540539689 |c Pp. : DM 68.00 |9 3-540-53968-9 | ||
| 035 | |a (DE-627)026149796 | ||
| 035 | |a (DE-603)019238576 | ||
| 035 | |a (DE-576)027585123 | ||
| 035 | |a (DE-599)GBV026149796 | ||
| 035 | |a (OCoLC)64232728 | ||
| 035 | |a (OCoLC)64232728 | ||
| 040 | |a DE-627 |b ger |c DE-627 |e rakwb | ||
| 041 | |a ger | ||
| 044 | |c XA-DE |c XD-US |c XA-GB | ||
| 050 | 0 | |a BF121 | |
| 060 | 0 | |a BF 121 | |
| 084 | |a PSY 20 |2 sfb | ||
| 084 | |a 11 |2 sdnb | ||
| 084 | |a AP 13750 |2 rvk |0 (DE-625)rvk/6888: | ||
| 084 | |a CP 1000 |2 rvk |0 (DE-625)rvk/18972: | ||
| 084 | |a CM 1000 |2 rvk |0 (DE-625)rvk/18940: | ||
| 084 | |a 77.00 |2 bkl | ||
| 100 | 1 | |a Zimbardo, Philip G. |d 1933-2024 |0 (DE-588)107998653 |0 (DE-627)477580734 |0 (DE-576)163670730 |4 aut | |
| 109 | |a Zimbardo, Philip G. 1933-2024 |a Zimbardo, P. G. 1933-2024 |a Zimbardo, Philipp 1933-2024 |a Zimbardo, Phil 1933-2024 |a Zimbardo, Filip G. 1933-2024 |a Zimbardo, Philip 1933-2024 |a Zimbardo, Philip George 1933-2024 |a Zimbardo, Philip Georg 1933-2024 | ||
| 240 | 1 | 0 | |a Psychology and life <dt.> |
| 245 | 1 | 0 | |a Psychologie |c Philip G. Zimbardo. Bearb. und hrsg. von Siegfried Hoppe-Graff und Barbara Keller |
| 250 | |a 5., neu übers. und bearb. Aufl. | ||
| 264 | 1 | |a Berlin [u.a.] |b Springer |c 1992 | |
| 300 | |a XVIII, 718 S |b Ill., graph. Darst |c 25 cm | ||
| 336 | |a Text |b txt |2 rdacontent | ||
| 337 | |a ohne Hilfsmittel zu benutzen |b n |2 rdamedia | ||
| 338 | |a Band |b nc |2 rdacarrier | ||
| 490 | 0 | |a Springer-Lehrbuch | |
| 500 | |a Literaturverz. S. 629 - 668 | ||
| 505 | 8 | |a Mit 48 Tabellen | |
| 505 | 8 | |a Literaturverz. S. 629 - 668 | |
| 505 | 8 | |a Literaturverz. S. 629 - 668 | |
| 650 | 0 | |a Psychology | |
| 650 | 2 | |a Psychology | |
| 650 | 4 | |a Zusammenfassung, Empfindung, Psychotherapie, Familientherapie, Verhaltenstherapie, Lernen, Prozess, Tabellenwerk, Entwicklungspsychologie, Leistungsmotivation, psychische Störung, Gegenkonditionierung, Theorie, Läsion, Veränderung | |
| 655 | 7 | |a Lehrbuch |0 (DE-588)4123623-3 |0 (DE-627)104270187 |0 (DE-576)209561262 |2 gnd-content | |
| 689 | 0 | 0 | |d s |0 (DE-588)4047704-6 |0 (DE-627)106193821 |0 (DE-576)209074426 |a Psychologie |2 gnd |
| 689 | 0 | |5 DE-101 | |
| 689 | 1 | 0 | |d s |0 (DE-588)4047704-6 |0 (DE-627)106193821 |0 (DE-576)209074426 |a Psychologie |2 gnd |
| 689 | 1 | |5 (DE-627) | |
| 700 | 1 | |a Hoppe-Graff, Siegfried |d 1949- |e Bearb. |0 (DE-588)122046374 |0 (DE-627)081702833 |0 (DE-576)161483941 |4 adp | |
| 700 | 1 | |a Keller, Barbara |4 oth | |
| 700 | 1 | 2 | |a Zimbardo, Philip G. |d 1933-2024 |t Psychology and life <dt.> |
| 856 | 4 | 2 | |u http://www.gbv.de/dms/hebis-darmstadt/toc/19238576.pdf |m V:DE-603 |m B:DE-17 |q pdf/application |x Verlag |y Inhaltsverzeichnis |3 Inhaltsverzeichnis |7 1 |
| 856 | 4 | 2 | |u http://scans.hebis.de/HEBCGI/show.pl?01923857_toc.pdf |m V:DE-603;B:DE-17 |q application/pdf |3 Inhaltsverzeichnis |7 1 |
| 889 | |w (DE-627)276440587 | ||
| 935 | |i Blocktest | ||
| 935 | |h HEB |i 0501 | ||
| 935 | |h HEB |i 0503 | ||
| 936 | r | v | |a AP 13750 |b Psychologie, Medienpsychologie |k Allgemeines |k Medien- und Kommunikationswissenschaften, Medienkulturwissenschaft, Kommunikationsdesign |k Theorie und Methodik |k Psychologie, Medienpsychologie |0 (DE-627)1270684329 |0 (DE-625)rvk/6888: |0 (DE-576)200684329 |
| 936 | r | v | |a CP 1000 |b Einführungen und Lehrbücher, Kompendien, Serien |k Psychologie |k Allgemeine Psychologie |k Einführungen und Lehrbücher, Kompendien, Serien |0 (DE-627)1271482177 |0 (DE-625)rvk/18972: |0 (DE-576)201482177 |
| 936 | r | v | |a CM 1000 |b Allgemeine und einführende Werke |k Psychologie |k Allgemeines. Geschichte und Methodik |k Allgemeine und einführende Werke |0 (DE-627)1270708856 |0 (DE-625)rvk/18940: |0 (DE-576)200708856 |
| 936 | b | k | |a 77.00 |j Psychologie: Allgemeines |0 (DE-627)106412264 |
| 936 | s | n | |a c200 |2 mzub |
| 951 | |a BO | ||
| ELC | |b 1 | ||
| LOK | |0 000 xxxxxcx a22 zn 4500 | ||
| LOK | |0 001 3108549464 | ||
| LOK | |0 003 DE-627 | ||
| LOK | |0 004 026149796 | ||
| LOK | |0 005 20020607000000 | ||
| LOK | |0 008 930122||||||||||||||||ger||||||| | ||
| LOK | |0 040 |a DE-21-110 |c DE-627 |d DE-21-110 | ||
| LOK | |0 852 |a DE-21-110 | ||
| LOK | |0 852 1 |c N I 102 |m p |9 00 | ||
| LOK | |0 935 |a k110 | ||
| LOK | |0 936ln |a 8.7.1 | ||
| LOK | |0 938 |k p | ||
| LOK | |0 939 |a 22-01-93 |b l01 | ||
| ORI | |a SA-MARC-krimdoka001.raw | ||
| SIG | |a IFK: N I 102 | ||
